00357nam a2200157Ia 4500003000400000005001700004008004000021040000700061041001200068082001600080100001800096245003200114250001100146260003400157300000800191OSt20230227124312.0210210b1994 xxu||||| |||| 00| 0 eng d cAL aEnglish a657.46 KADI aKADKOL (M B). aIncome Tax law and practice a17 Rev aHublibRenuka Prakashanc1994 a453